|
|
|
|
| LEADER |
00000cam a2200000 a 4500 |
| 003 |
Ucuenca |
| 005 |
20230308190909.0 |
| 008 |
015112|2013 sp |||||r|||||||||||spa|| |
| 020 |
|
|
|a 9788461659494
|
| 040 |
|
|
|b spa
|
| 041 |
a |
|
|a spa
|
| 082 |
0 |
|
|a 636.089 607 545
|
| 245 |
|
|
|a Endoscopia veterinaria
|c Usón, J., Cloment S., Soria F., Sánchez F.M.
|h imp
|
| 264 |
|
|
|a Cáceres
|b Centro de Cirugía de Mínima Invasión Jesús Usón
|c 2013
|
| 300 |
|
|
|a 238 páginas:
|b ilu
|c 25 x 32 cm
|
| 504 |
|
|
|a incl. ref.
|
| 650 |
|
|
|a Endoscopia veterinaria
|9 125239
|
| 653 |
|
|
|a CIRUGIA VETERINARIA
|
| 700 |
|
|
|a Usón, J.
|9 123569
|
| 700 |
1 |
|
|a Climent, F
|9 125242
|
| 700 |
1 |
|
|a Soria, F
|9 125243
|
| 852 |
|
|
|a UC-YANUNCAY
|f Compra
|l 1
|m General
|p 20151127
|q 25.00
|r 2
|t 9735
|v agro
|w Medicina Veterinaria y Zootecnia
|y 659494
|b 0
|d CDRY
|e CDRY
|g 636.089 607 545 ESTANTERIA ABIERTA
|z 2015-51-12
|
| 856 |
|
|
|a http://sibuc.ucuenca.edu.ec/portada/9735-yan.jpg
|
| 942 |
|
|
|c BK
|z esthela.durán@ucuenca.edu.ec
|
| 999 |
|
|
|c 74295
|d 74295
|